000 01014nam a2200289Ia 4500
001 Para_9205
003 CHAP
005 20220818120129.0
008 220125s2006 xx 000 0 und d
010 _a207922
040 _cCHAP
090 _aPA TESIS 2012
100 _aJiménez Tinoco, Nereida
_961661
245 _aControl de la avena silvestre y alpistillo resistentes a herbicidas en la región del Bajío y Valle de Mexicali /
_c por Nereida Jiménez Tinoco
260 _aChapingo, Méx. :
_b el autor
300 _a39 h + Apénd.
502 _aTesis (Ing. Agr. Esp. en Parasitología Agrícola) -- UACh. Departamento Parasitología Agrícola
650 _aAvena fatua
_98557
650 _aMalas hierbas
_x resistencia a herbicidas
710 _aUACh. Departamento Parasitología Agrícola
_9164025
901 _aPA TESIS 2012
902 _aM
905 _a0000002006 n 0000000000 00
910 _a2006
942 _cPARA
_2local
942 _cPARA
_2local
999 _c207922
_d207922